Hyōgo buraku mondai kankei nenpyō : sengo-1975-nen /

Saved in:
Bibliographic Details
Corporate Author: Hyōgo Buraku Mondai Kenkyūjo. Kaihō Undōshi Kenkyū Bukai.
Format: Book
Language:Japanese
Published: Kōbe : Hyōgo Buraku Mondai Kenkyūjo, 1976.
Subjects:
Tags: Add Tag
No Tags, Be the first to tag this record!
LEADER 01125cam a2200265 i 4500
001 007766945-2
005 20024617122053.0
008 980416s1976 ja b 000 0 jpn
010 |a 77812967 /J 
015 |a Ja77-6388 
035 0 |a ocm38962049 
040 |a DLC  |c *YNH*  |d CStRLIN 
050 0 0 |a HT725.J3  |b H95 1976 
110 2 |6 880-01  |a Hyōgo Buraku Mondai Kenkyūjo.  |b Kaihō Undōshi Kenkyū Bukai. 
245 1 0 |6 880-02  |a Hyōgo buraku mondai kankei nenpyō :  |b sengo-1975-nen /  |c [henshū Hyōgo Buraku Mondai Kenkyūjo Kaihō Undōshi Kenkyū Bukai]. 
260 |6 880-03  |a Kōbe :  |b Hyōgo Buraku Mondai Kenkyūjo,  |c 1976. 
300 |a 202 p. ;  |c 16 x 22 cm. 
500 |a Errata slip inserted. 
504 |a Bibliography: p. 201-202. 
650 0 |a Buraku people  |z Japan  |z Hyōgo-ken  |x History  |x Chronology. 
880 2 |6 110-01  |a 兵庫部落問題研究所.  |b 解放運動史研究部会. 
880 1 0 |6 245-02  |a 兵庫部落問題関係年表 :  |b 戦後-1975年 /  |c [編集兵庫部落問題研究所解放運動史研究部会]. 
880 |6 260-03  |a 神戶 :  |b 兵庫部落問題研究所,  |c 1976. 
988 |a 20021221 
906 |0 DLC